20 most well known flags - Statistics

General Stats
  • This quiz has been taken 282 times
  • The average score is 15 of 20
Answer Stats
Rank Answer % Correct
1 United States
98%
13 China
95%
11 Russia
94%
2 United Kingdom
94%
5 France
93%
3 Canada
92%
8 Japan
90%
9 Brazil
89%
4 Australia
88%
6 Italy
88%
14 Sweden
76%
16 Norway
74%
10 Ireland
69%
7 New Zealand
67%
12 South Korea
67%
18 Finland
63%
15 Greece
58%
20 Netherlands
55%
19 Switzerland
55%
17 Israel
39%
No matching quizzes found
Score Distribution
Percent of People with Each Score
Percentile by Number Answered
Your Score History
You have not taken this quiz